| 000 | 00823nam a2200229Ia 4500 | ||
|---|---|---|---|
| 003 | GCL | ||
| 008 | 140319s9999 xx 000 0 ara d | ||
| 040 |
_aGCL / _cGCL |
||
| 082 | 0 | 4 |
_a956.609 _bم ل |
| 100 | 1 | _aمحمود احمد | |
| 245 | 1 | 0 |
_aلبنان 00انهيار 00 أم انتحار ؟ / _cمحمود احمد |
| 250 | _aالاولى | ||
| 260 |
_aالقاهرة : _bمركز الاهرام للترجمة والنشر ، _c1989 |
||
| 300 |
_a199 ص ؛ _c24 سم |
||
| 490 | _a | ||
| 650 | 0 | 4 | _aالصراع الطائفى |
| 650 | 0 | 4 | _aلبنان - تاريخ - العصر الحديث |
| 650 | 0 | 4 | _aلبنان - تاريخ - الحرب الاهلية |
| 650 | 0 | 4 | _aلبنان - تاريخ |
| 650 | 0 | 4 | _aاسرائيل - تاريخ - النزاع العربى الاسرائيلى |
| 942 |
_2ddc _cBK |
||
| 999 |
_c31291 _d31291 |
||